Bancos comerciales y operaciones bancarias / (Registro nro. 12084)

Detalles MARC
000 -LEADER
fixed length control field 01590nam a2200277 a 4500
003 - CONTROL NUMBER IDENTIFIER
control field OSt
005 - DATE AND TIME OF LATEST TRANSACTION
control field 20210802155151.0
008 - FIXED-LENGTH DATA ELEMENTS--GENERAL INFORMATION
fixed length control field 920117s1990 ck b 000 0 spa
020 ## - INTERNATIONAL STANDARD BOOK NUMBER
International Standard Book Number 958902193X
040 ## - CATALOGING SOURCE
Original cataloging agency DLC
Transcribing agency CO-JMCR
041 0# - LANGUAGE CODE
Language code of text/sound track or separate title spa
082 04 - DEWEY DECIMAL CLASSIFICATION NUMBER
Classification number 346.861082 /
Item number R412b
Edition number 23
100 1# - MAIN ENTRY--PERSONAL NAME
Personal name Rengifo, Ramiro,
Relator term autor
9 (RLIN) 15777
245 10 - TITLE STATEMENT
Title Bancos comerciales y operaciones bancarias /
Statement of responsibility, etc. Ramiro Rengifo.
250 ## - EDITION STATEMENT
Edition statement Primera edición
260 ## - PUBLICATION, DISTRIBUTION, ETC.
Place of publication, distribution, etc. Medellín, Colombia :
Name of publisher, distributor, etc. Editorial Universidad de Antioquia,
Date of publication, distribution, etc. 1990.
300 ## - PHYSICAL DESCRIPTION
Extent 289 páginas ;
Dimensions 24 cm.
490 0# - SERIES STATEMENT
Series statement Erinia ;
Volume/sequential designation 1
504 ## - BIBLIOGRAPHY, ETC. NOTE
Bibliography, etc. note Bibliografía: páginas 284-289.
505 ## - FORMATTED CONTENTS NOTE
Formatted contents note Los albores de la banca. -- La banca en Colombia. -- Diversos tipos de bancos. -- Banco comercial. -- El objeto social de los bancos. -- Las formas contractuales de las operaciones pasivas. -- Las formas contractuales de las operaciones pasivas. -- Las formas contractuales de las operaciones activas. -- Las formas contractuales de las operaciones neutras o de servicios. -- El capital inicial y el capital adecuado. -- Deberes de los bancos. -- Deberes de los bancos. -- Restricciones de los bancos. Los prestamos y sus bancos. -- Privilegios de los bancos. -- La liquidación de los bancos.
520 0# - SUMMARY, ETC.
Summary, etc. El propósito de este libro es de proporcionar un texto en el cual se pueda encontrar una misión global del marco jurídico que rige la actividad bancaria en Colombia.
650 14 - SUBJECT ADDED ENTRY--TOPICAL TERM
Topical term or geographic name entry element Derecho bancario
Geographic subdivision Colombia.
9 (RLIN) 8990
650 24 - SUBJECT ADDED ENTRY--TOPICAL TERM
Topical term or geographic name entry element Actividad bancaria
Geographic subdivision Colombia
9 (RLIN) 38997
650 24 - SUBJECT ADDED ENTRY--TOPICAL TERM
Topical term or geographic name entry element Banca
Geographic subdivision Colombia
9 (RLIN) 38879
942 ## - ADDED ENTRY ELEMENTS (KOHA)
Source of classification or shelving scheme Dewey Decimal Classification
Koha item type Books
Existencias
Withdrawn status Lost status Source of classification or shelving scheme Damaged status Not for loan Home library Current library Shelving location Date acquired Source of acquisition Full call number Barcode Date last seen Copy number Price effective from Koha item type
    Dewey Decimal Classification     Biblioteca Pública José María del Castillo y Rada Biblioteca Pública José María del Castillo y Rada General Stacks 04/15/2018 Donación 346.861082 / R412b 430002398 05/16/2024 Ej.1 03/10/2021 Books